000 00950nam a2200301Ia 4500
001 Z_552
003 CHAP
008 220113s1977 xx 000 0 und d
010 _a163662
040 _cCHAP
090 _aTesis M 88
100 _aMorales Ibarra, Marcel
_978309
245 _aDiagnóstico de la diferenciación socio-económica en el interior de un ejido de la región oriente, estado de Morelos /
_cpor Marcel Morales Ibarra
260 _aChapingo, Méx. :
_bEl autor,
_c1977
300 _a72 h.
502 _aTesis (Ing. Agrónomo Esp. en Zootecnia) -- ENA. Departamento de Zootecnia
650 _aCampesinado
_xMorelos
_918027
650 _aEjidos
_936002
650 _aEjidos Quebrantadero, Mor.
_9137809
650 _aMorelos
_xCondiciones económicas
_978525
650 _aMorelos
_xCondiciones sociales
_978527
901 _aTESIS M 88
902 _aM
910 _a1977
942 _c2
942 _c2
999 _c163662
_d163662